| 000 | 00495 a2200169 4500 | ||
|---|---|---|---|
| 999 |
_c10603 _d10603 |
||
| 020 | _a0091566819 (pbk.) : | ||
| 020 | _a0091566800 : | ||
| 050 | 0 | 0 | _aLB1564.BOY 1984 |
| 100 | 1 |
_aBoyd, John, _d1935- |
|
| 245 | 1 | 0 |
_aUnderstanding the primary curriculum / _cJohn Boyd. |
| 264 |
_aLondon: _bHutchinson., _c1984 |
||
| 300 |
_a191 p. : _bill. ; |
||
| 500 | _aIncludes index. | ||
| 504 | _aBibliography: p. [178]-185. | ||
| 650 | 0 |
_aEducation, Elementary _xCurricula |
|
| 942 |
_2lcc _cBK _h1564 _iBOY _kLB |
||